Work, leisure and the environment : the vicious circle of overwork and over consumpion

Αποθηκεύτηκε σε:
Λεπτομέρειες βιβλιογραφικής εγγραφής
Κύριος συγγραφέας: Robinson, T. J. C. (Tim J. C.) 1945-
Μορφή: Βιβλίο
Γλώσσα:English
Δημοσίευση: Cheltenham, UK : Edward Elgar, 2006
Θέματα:
Ετικέτες: Προσθήκη ετικέτας
Δεν υπάρχουν, Καταχωρήστε ετικέτα πρώτοι!

MARC

LEADER 00000nam a2200000 i 4500
001 1/69021
008 080108s2006 eng d
020 |a 978-1-84720-103-4 
020 |a 1-84720-103-2 
035 |l 10093329 
040 |a GR-MY-UA  |b gre  |e aacr 
041 0 |a eng 
082 0 |a 306.360973  |2 (22) 
100 1 |a Robinson, T. J. C.  |q (Tim J. C.)  |d 1945- 
245 1 0 |a Work, leisure and the environment :  |b the vicious circle of overwork and over consumpion /  |c Tim Robinson 
260 |a Cheltenham, UK :   |b Edward Elgar,   |c 2006 
300 |a x, 124 σ.;  |b σχέδια;  |c 30 εκ. 
504 |a Περιλαμβάνει βιβλιογραφίες 
650 0 0 |a Consumption (Economics)  |x Environmental aspects. 
650 0 0 |a Hours of labor  |x Social aspects  |z United States. 
650 0 0 |a Leisure  |x Social aspects  |z United States. 
650 0 0 |a Work  |x Social aspects  |z United States. 
651 0 |a United States  |x Economic policy. 
852 |a INST  |b CHIOS  |e 20071221  |h 306.360973 ROB  |p 005200027993  |q 005200027993  |t BK  |y 0 
852 |a INST  |b LESVOS  |e 20080722  |h 306.360973 ROB  |p 005100041830  |q 005100041830  |t BK  |y 0 
901 |a BIBL2-2008-1 
901 |a BIBL1-2008-2 
909 |a Χ  |b 142493 
909 |a Λ  |b 151481 
922 |a 2ΕΛΗ  |b 200712  |c ΕΠΕΑΕΚ2/ΤΜΟΔ 
922 |a 1ΕΛΗ  |b 200803  |c ΕΠΕΑΕΚ2/ΤΠ  |d ΠΑΠΑΣΩΤΗΡΙΟΥ 
970 |a ΑΤΣΑΛΗ  |b ΔΕΣΠΟΙΝΑ  |z 2008/01/08